000 00251nam a2200097Ia 4500
082 _aEJF AREN
245 0 _aBasketball buddies
100 _a Arena, Felice South Yarra,, 2003
_965631
942 _cBK
008 210817s9999 xx 000 0 und d
999 _c218655
_d218654